000 00843nam a2200217Ii 4500
003 JO-AjNU
008 230605s9999||||xx |||||||||||||| ||und||
017 _a2004/5/1265
040 _aJO-AjNU
_bara
_erda
_cJO-AjNU
041 _aara
050 1 4 _aP134.A2482 2004
100 3 _aأبو خضر,سعيد جبر تأليف,
_eauthor
_916033
245 0 0 _aالتقابلات الدلالية في العربية والانجليزية:تحليل لغوي تقابلي
250 _aط1
264 3 1 _aاربد:عالم الكتب الحديث للنشر والتوزيع,2004
300 _a159ص
336 _atext
_btxt
_2rdacontent
337 _aunmediated
_bn
_2rdamedia
338 _avolume
_bnc
_2rdacarrier
650 4 _aتحليل لغوي تقابلي- التقابلات الدلالية في العربية والانجليزية
_916034
999 _aA4663
_c8231
_d8231